Formularios de desahucios, resoluciones y revisiones de arrendamientos urbanos (Record no. 41619)

MARC details
000 -LEADER
campo de control de longitud fija 00555nam a2200157 i 4500
001 - NÚMERO DE CONTROL
campo de control 41619
003 - IDENTIFICADOR DE NÚMERO DE CONTROL
campo de control ES-MaACL
005 - FECHA Y HORA DE LA ÚLTIMA TRANSACCIÓN
campo de control 20230906160450.0
007 - CAMPO FIJO DE DESCRIPCIÓN FÍSICA--INFORMACIÓN GENERAL
campo de control de longitud fija t|
008 - DATOS DE LONGITUD FIJA--INFORMACIÓN GENERAL
campo de control de longitud fija 030311s1958 sp ||||1| spa d
100 1# - ENTRADA PRINCIPAL--NOMBRE DE PERSONA
Nombre de persona Casals Torres, Manuel.
9 (RLIN) 36080
245 10 - MENCIÓN DEL TÍTULO
Título Formularios de desahucios, resoluciones y revisiones de arrendamientos urbanos
Resto del título : Ley de 22 de diciembre de 1955... /
Mención de responsabilidad, etc. Manuel Casals Torres.
260 ## - PUBLICACIÓN, DISTRIBUCIÓN, ETC.
Lugar de publicación, distribución, etc. Barcelona :
Nombre del editor, distribuidor, etc. José Mª Bosch,
Fecha de publicación, distribución, etc. 1958 (
Fabricante Hija de J. Ferrer Coll)
300 ## - DESCRIPCIÓN FÍSICA
Extensión 461 p. ;
Dimensiones 22 cm.
852 ## - LOCALIZACIÓN
Ubicación ES-MaACL
Número de control de estantería C-14342
Sublocalización o colección R.42307
Holdings
Estatus retirado Estado de pérdida Estado de daño No para préstamo Biblioteca de origen Biblioteca actual Ubicación en estantería Fecha de adquisición Fuente de adquisición Total de préstamos Signatura topográfica completa Código de barras Visto por última vez Precio de reemplazo Tipo de ítem Koha
        Biblioteca del Ateneo de Madrid Biblioteca del Ateneo de Madrid Sala Palomar 17/01/2008     C-14342 1043813 23/02/2023 23/02/2023 Libro impreso